000 00286nam a2200121Ia 4500
008 190216s9999||||xx |||||||||||||| ||und||
100 _aJohn Dover Wilson
245 0 _aTimon Of Athens
260 _bCambridge Uty Press
_c1968
300 _a189p
650 _aEnglish Drama
942 _cBK
999 _c12433
_d12433